[Event "Teplice Open 2019"]
[Site "Teplice"]
[Date "2019.06.21"]
[Round "7.36"]
[White "Lyell, Mark"]
[Black "Di Nicolantonio, Lucas"]
[Result "1/2-1/2"]
[WhiteElo "2222"]
[BlackElo "2379"]
[Annotator "NA"]
[PlyCount "90"]
[EventDate "2019.06.15"]
[EventType "swiss"]
[EventCountry "CZE"]
[SourceTitle "playchess.com"]
[Source "ChessBase"]
[SourceQuality "1"]
[TimeControl "40/5400+30:1800+30"]

1. Nf3 {[%emt 0:00:00]} d5 {[%emt 0:00:25]} 2. b3 {[%emt 0:00:00]} Bf5 {[%emt 0:02:19]} 3. Bb2 {[%emt 0:00:23]} e6 {[%emt 0:00:27]} 4. g3 {[%emt 0:02:32]} Nf6 {[%emt 0:02:00]} 5. Bg2 {[%emt 0:00:34]} Be7 {[%emt 0:01:20]} 6. d3 {[%emt 0:00:35]} h6 {[%emt 0:00:41]} 7. O-O {[%emt 0:00:31]} O-O {[%emt 0:00:29]} 8. Nbd2 {[%emt 0:00:12]} c6 {[%emt 0:03:34]} 9. Qe1 {[%emt 0:05:14]} a5 {[%emt 0:01:42]} 10. a3 {[%emt 0:01:23]} Bh7 {[%emt 0:03:22]} 11. Kh1 {[%emt 0:01:16]} c5 {[%emt 0:07:17]} 12. a4 {[%emt 0:08:37]} Nc6 {[%emt 0:01:38]} 13. Ne5 {[%emt 0:00:21]} Nb4 {[%emt 0:13:47]} 14. Rc1 {[%emt 0:01:18]} Nd7 {[%emt 0:00:59]} 15. Nxd7 {[%emt 0:05:20]} Qxd7 {[%emt 0:00:06]} 16. Nf3 {[%emt 0:02:21]} Rfd8 {[%emt 0:11:31]} 17. Ne5 {[%emt 0:02:30]} Qe8 {[%emt 0:00:12]} 18. e4 {[%emt 0:14:09]} f6 {[%emt 0:17:07]} 19. Ng4 {[%emt 0:01:30]} dxe4 {[%emt 0:00:17]} 20. Bxe4 {[%emt 0:11:07]} Bxe4+ {[%emt 0:04:07]} 21. Qxe4 {[%emt 0:00:27]} Qc6 {[%emt 0:00:34]} 22. Qxc6 {[%emt 0:02:37]} Nxc6 {[%emt 0:00:07]} 23. Rce1 {[%emt 0:01:16]} Nd4 {[%emt 0:05:37]} 24. Bxd4 {[%emt 0:00:30]} cxd4 {[%emt 0:00:08]} 25. f4 {[%emt 0:02:09]} Ra6 {[%emt 0:05:21]} 26. h3 {[%emt 0:05:53]} Rc8 {[%emt 0:04:44]} 27. Re2 {[%emt 0:00:29]} Rac6 {[%emt 0:00:10]} 28. Rff2 {[%emt 0:00:10]} Ba3 {[%emt 0:01:02]} 29. Nh2 {[%emt 0:05:19]} Bc1 {[%emt 0:00:20]} 30. Nf1 {[%emt 0:00:34]} Kf7 {[%emt 0:03:12]} 31. g4 {[%emt 0:01:28]} g6 {[%emt 0:03:39]} 32. Kh2 {[%emt 0:04:21]} f5 {[%emt 0:00:21]} 33. Kg3 {[%emt 0:01:08]} Rc5 {[%emt 0:01:00]} 34. gxf5 {[%emt 0:04:01]} exf5 {[%emt 0:04:45]} 35. h4 {[%emt 0:01:52]} Kf6 {[%emt 0:01:07]} 36. Nd2 {[%emt 0:05:02]} Bxd2 {[%emt 0:00:19]} 37. Rxd2 {[%emt 0:00:01]} g5 {[%emt 0:01:53]} 38. hxg5+ {[%emt 0:01:00]} hxg5 {[%emt 0:00:03]} 39. fxg5+ {[%emt 0:04:47]} Kxg5 {[%emt 0:00:05]} 40. Rde2 {[%emt 0:01:27]} Kf6 {[%emt 0:01:30]} 41. Rh2 {[%emt 0:31:55]} Rg8+ {[%emt 0:07:11]} 42. Kf3 {[%emt 0:00:00]} Rg1 {[%emt 0:00:55]} 43. Rh6+ {[%emt 0:00:00]} Kg5 {[%emt 0:02:56]} 44. Ree6 {[%emt 0:00:00]} Rf1+ {[%emt 0:00:58]} 45. Kg3 {[%emt 0:00:00]} Rg1+ {[%emt 0:03:00]} 1/2-1/2

[Event "Teplice Open 2019"]
[Site "Teplice"]
[Date "2019.06.21"]
[Round "7.37"]
[White "Richterova, Natasa"]
[Black "Pajeken, Jakob Leon"]
[Result "0-1"]
[WhiteElo "2190"]
[BlackElo "2359"]
[Annotator "NA"]
[PlyCount "114"]
[EventDate "2019.06.15"]
[EventType "swiss"]
[EventCountry "CZE"]
[SourceTitle "playchess.com"]
[Source "ChessBase"]
[SourceQuality "1"]
[TimeControl "40/5400+30:1800+30"]

1. e4 {[%emt 0:00:00]} e5 {[%emt 0:00:00]} 2. Nf3 {[%emt 0:00:00]} Nc6 {[%emt 0:00:00]} 3. Bc4 {[%emt 0:00:00]} Bc5 {[%emt 0:00:00]} 4. c3 {[%emt 0:00:00]} Nf6 {[%emt 0:00:00]} 5. d4 {[%emt 0:00:00]} exd4 {[%emt 0:00:00]} 6. cxd4 {[%emt 0:00:03]} Bb4+ {[%emt 0:00:01]} 7. Bd2 {[%emt 0:00:13]} Nxe4 {[%emt 0:00:06]} 8. Bxb4 {[%emt 0:00:34]} Nxb4 {[%emt 0:00:05]} 9. Bxf7+ {[%emt 0:00:16]} Kxf7 {[%emt 0:00:05]} 10. Qb3+ {[%emt 0:00:08]} d5 {[%emt 0:00:05]} 11. Ne5+ {[%emt 0:00:16]} Ke6 {[%emt 0:00:05]} 12. Qxb4 {[%emt 0:00:05]} Qf8 {[%emt 0:00:04]} 13. Qxf8 {[%emt 0:00:07]} Rxf8 {[%emt 0:00:01]} 14. f3 {[%emt 0:02:43]} c5 {[%emt 0:00:05]} 15. Nd3 {[%emt 0:14:56]} cxd4 {[%emt 0:08:50]} 16. Na3 {[%emt 0:02:44]} Nd6 {[%emt 0:07:10]} 17. Nc2 {[%emt 0:01:42]} Nf5 {[%emt 0:10:34]} 18. g4 {[%emt 0:03:42]} Nh4 {[%emt 0:00:27]} 19. Nxd4+ {[%emt 0:00:06]} Kd6 {[%emt 0:00:11]} 20. O-O {[%emt 0:01:29]} Bd7 {[%emt 0:01:20]} 21. h3 {[%emt 0:02:10]} Rae8 {[%emt 0:01:25]} 22. Kf2 {[%emt 0:15:49]} g5 {[%emt 0:13:59]} 23. Rae1 {[%emt 0:03:48]} a6 {[%emt 0:39:50]} 24. Kg3 {[%emt 0:10:24]} Ng6 {[%emt 0:01:19]} 25. Rxe8 {[%emt 0:08:26]} Rxe8 {[%emt 0:00:06]} 26. f4 Nxf4 27. Nxf4 {[%emt 0:08:32]} Re3+ {[%emt 0:06:24]} 28. Nf3 {[%emt 0:05:07]} gxf4+ {[%emt 0:00:07]} 29. Kxf4 {[%emt 0:00:11]} Re2 {[%emt 0:00:33]} 30. Rb1 {[%emt 0:01:04]} h6 {[%emt 0:00:53]} 31. a3 {[%emt 0:00:00]} Re4+ {[%emt 0:01:19]} 32. Kg3 {[%emt 0:00:06]} d4 {[%emt 0:00:20]} 33. Rd1 {[%emt 0:01:02]} Kd5 {[%emt 0:00:08]} 34. Kh4 {[%emt 0:09:40]} Rf4 {[%emt 0:00:35]} 35. Kg3 {[%emt 0:00:06]} Re4 {[%emt 0:00:05]} 36. Kh4 {[%emt 0:00:04]} Bb5 {[%emt 0:01:27]} 37. Rd2 {[%emt 0:00:28]} d3 {[%emt 0:11:32]} 38. Rd1 {[%emt 0:11:52]} Re3 {[%emt 0:00:00]} 39. Nd2 {[%emt 0:00:16]} Kd4 {[%emt 0:00:00]} 40. Nb3+ {[%emt 0:00:16]} Ke5 {[%emt 0:00:00]} 41. Nd2 {[%emt 0:30:25]} Re2 {[%emt 0:22:18]} 42. Kg3 {[%emt 0:00:16]} Bc6 {[%emt 0:21:00]} 43. Nc4+ {[%emt 0:00:00]} Kd4 {[%emt 0:02:03]} 44. Nd6 {[%emt 0:02:19]} d2 {[%emt 0:03:21]} 45. b3 {[%emt 0:00:00]} Kd3 46. Nc4 {[%emt 0:01:13]} Kc2 {[%emt 0:01:28]} 47. Rxd2+ {[%emt 0:00:06]} Rxd2 {[%emt 0:00:04]} 48. Nxd2 {[%emt 0:00:03]} Kxd2 {[%emt 0:00:08]} 49. Kf4 {[%emt 0:00:08]} Kc3 {[%emt 0:00:32]} 50. b4 {[%emt 0:00:00]} Kb3 {[%emt 0:00:00]} 51. Kf5 {[%emt 0:01:06]} Be8 {[%emt 0:00:00]} 52. Kf6 {[%emt 0:00:00]} Kxa3 {[%emt 0:00:00]} 53. Ke7 {[%emt 0:00:00]} Bg6 {[%emt 0:00:00]} 54. Kf6 {[%emt 0:00:10]} Bd3 {[%emt 0:00:10]} 55. Kg7 {[%emt 0:00:03]} Kxb4 {[%emt 0:00:06]} 56. Kxh6 {[%emt 0:00:02]} a5 {[%emt 0:01:10]} 57. g5 {[%emt 0:00:04]} a4 {[%emt 0:00:00]} 0-1

[Event "Teplice Open 2019"]
[Site "Teplice"]
[Date "2019.06.22"]
[Round "8.1"]
[White "Romanov, Evgeny"]
[Black "Nisipeanu, Liviu-Dieter"]
[Result "1/2-1/2"]
[WhiteElo "2577"]
[BlackElo "2667"]
[Annotator "TA"]
[PlyCount "33"]
[EventDate "2019.06.15"]
[EventType "swiss"]
[EventCountry "CZE"]
[SourceTitle "playchess.com"]
[Source "ChessBase"]
[SourceQuality "1"]

{[%evp 12,33,10,7,18,23,28,27,33,0,0,0,0,0,0,0,0,0,0,0,0,0,0,0]} 1. c4 e6 2. g3 d5 3. Bg2 Nf6 4. Nf3 Be7 5. O-O O-O 6. b3 d4 7. e3 Nc6 {A14: English Opening: 1...e6 with b3 by White} (7... c5 8. Ne5 Qc7 9. f4 Nfd7 10. Nf3 Nc6 11. Na3 a6 12. exd4 cxd4 13. d3 b5 14. Bb2 Qb6 15. Kh1 {½-½ (30) Ding,L (2809)-Giri,A (2797) Shenzhen 2019}) 8. exd4 Nxd4 9. Bb2 Bc5 {White has an edge.} 10. Nxd4 $146 (10. Ne5 {is interesting.} Qd6 11. Re1 Rd8 12. Nc3 c6 13. a3) ({Predecessor:} 10. Na3 e5 11. Nc2 Bg4 12. b4 e4 13. Ncxd4 Bxd4 14. Bxd4 exf3 15. Bxf6 Qxf6 {½-½ (36) Zwardon,V (2455)-Piesik,P (2412) Czech Republic 2019}) 10... Bxd4 {The position is equal.} 11. Bxd4 Qxd4 12. Nc3 {[%cal Bb1c3,Bc3e2,Be2f4][%mdl 32]} c6 13. Ne2 Qd3 14. Nf4 Qd4 15. Ne2 Qd3 16. Nf4 Qd4 17. Ne2 1/2-1/2

[Event "Teplice Open 2019"]
[Site "Teplice"]
[Date "2019.06.22"]
[Round "8.2"]
[White "Movsesian, Sergei"]
[Black "Santos Latasa, Jaime"]
[Result "1/2-1/2"]
[WhiteElo "2639"]
[BlackElo "2588"]
[Annotator "TA"]
[PlyCount "49"]
[EventDate "2019.06.15"]
[EventType "swiss"]
[EventCountry "CZE"]
[SourceTitle "playchess.com"]
[Source "ChessBase"]
[SourceQuality "1"]

{[%evp 14,49,16,0,0,3,7,0,18,0,0,0,0,0,2,-35,-31,-38,-23,-11,-32,-34,-31,-61,-56,-57,-12,-78,0,0,0,0,0,0,0,0,0,0]} 1. e4 e5 2. Nf3 Nc6 3. Bc4 Bc5 4. O-O Nf6 5. d3 d6 6. c3 O-O 7. h3 h6 8. Bb3 a5 {C54: Giuoco Piano: 4 c3 Nf6, main lines with 5 d4 and 5 d3} 9. Re1 Bd7 10. d4 $146 ({Predecessor:} 10. Nbd2 a4 11. Bc2 b5 12. Nf1 Bb6 13. Ng3 Ne7 14. d4 Ng6 15. Be3 Re8 16. Qd2 {1-0 (45) Aronian,L (2767)-Caruana,F (2822) chess.com INT 2018}) 10... Ba7 11. a3 Re8 12. Bc2 b5 13. Be3 a4 14. c4 (14. Qd3 {seems wilder.} Qb8) 14... exd4 15. Nxd4 bxc4 16. Nxc6 Bxc6 17. Bxa7 Rxa7 18. Nc3 Qa8 {[%cal Rf6e4]} 19. Qd4 Ra5 20. Re3 (20. Qxc4 $11 Nd7 21. Qd4) 20... Qa7 (20... Qb7 $17 21. Rb1 Qa6) 21. Qxc4 $11 {The position is equal.} Qa6 22. Qd4 Qa7 23. Qc4 Qa6 24. Qd4 Qa7 25. Qc4 {Accuracy: White = 65%, Black = 72%.} 1/2-1/2

[Event "Teplice Open 2019"]
[Site "Teplice"]
[Date "2019.06.22"]
[Round "8.3"]
[White "Shevchenko, Kirill"]
[Black "Berkes, Ferenc"]
[Result "1/2-1/2"]
[WhiteElo "2539"]
[BlackElo "2675"]
[Annotator "TA"]
[PlyCount "62"]
[EventDate "2019.06.15"]
[EventType "swiss"]
[EventCountry "CZE"]
[SourceTitle "playchess.com"]
[Source "ChessBase"]
[SourceQuality "1"]

{[%evp 14,62,22,15,19,9,30,20,26,14,18,8,18,10,20,10,7,0,0,0,18,0,5,0,0,0,8,10,6,6,5,4,9,0,0,0,17,15,12,2,6,0,0,0,0,0,0,0,8,0,9]} 1. d4 d5 2. c4 e6 3. Nc3 Be7 4. Nf3 Nf6 5. Bg5 Nbd7 6. e3 h6 7. Bh4 O-O 8. Rc1 c5 {D63: Queen's Gambit Declined: Classical: 7 Rc1} 9. dxc5 dxc4 (9... Nxc5 10. cxd5 g5 11. Bg3 Nxd5 12. Nxd5 Qxd5 13. Qxd5 exd5 14. Nd4 Bd7 15. Be2 Rac8 16. O-O {½-½ (31) Ivanchuk,V (2710)-Yu,Y (2765) Batumi 2018}) 10. c6 bxc6 11. Bxc4 Nb6 {The position is equal.} 12. Qxd8 Rxd8 13. Be2 c5 {[#]} 14. O-O $146 ({Predecessor:} 14. Ne5 Bb7 15. Bf3 Bxf3 16. Nxf3 {1-0 (53) Stern,R (2531)-Souleidis,G (2424) Germany 2019}) 14... Bb7 15. Rfd1 Rxd1+ 16. Rxd1 Kf8 17. b3 Nfd5 18. Bxe7+ Kxe7 19. Rc1 Rc8 20. Nd2 Nxc3 21. Rxc3 g5 22. Kf1 f5 23. g3 g4 24. e4 h5 25. exf5 exf5 26. Re3+ Kf6 27. Nc4 (27. Bb5 {keeps more tension.} h4 28. Rd3 hxg3 29. hxg3 Bd5 30. Rc3) 27... Nxc4 28. Bxc4 {[#] Black must now prevent Re6+.} Be4 29. Be2 Rd8 30. Ke1 Rd6 31. Rc3 Re6 {Accuracy: White = 61%, Black = 45%.} 1/2-1/2

[Event "Teplice Open 2019"]
[Site "Teplice"]
[Date "2019.06.22"]
[Round "8.4"]
[White "Dragnev, Valentin"]
[Black "Van Foreest, Jorden"]
[Result "1/2-1/2"]
[WhiteElo "2521"]
[BlackElo "2610"]
[Annotator "TA"]
[PlyCount "94"]
[EventDate "2019.06.15"]
[EventType "swiss"]
[EventCountry "CZE"]
[SourceTitle "playchess.com"]
[Source "ChessBase"]
[SourceQuality "1"]

{[%evp 17,94,39,33,36,39,36,91,89,93,21,22,19,18,12,2,29,10,-34,-14,0,-12,-13,-31,-73,0,-39,0,0,0,0,0,-44,-34,-40,-44,-28,-31,-31,-31,-47,-4,0,0,-1,-6,-24,-16,-24,-8,-5,-8,-16,0,0,0,0,0,0,0,0,0,0,0,0,0,0,0,0,0,0,0,0,0,0,0,0,0,0,0]} 1. d4 Nf6 2. c4 g6 3. Nc3 Bg7 4. e4 d6 5. f3 O-O 6. Be3 c5 7. Nge2 Nc6 8. d5 Ne5 9. Ng3 h5 {next ...h4 is good for Black.} 10. Be2 {E81: King's Indian: Sämisch: 6th move deviations (including 6 Be3 c6)} h4 11. Nf1 b5 ({Better is} 11... a6 $14) 12. cxb5 $16 {White is better.} a6 {[#]} 13. Nd2 {[#]} (13. a4 $1 $16) 13... axb5 $146 ({Predecessor:} 13... h3 14. g4 axb5 15. Nxb5 Qa5 16. O-O Ba6 17. a4 c4 {1-0 (45) Sorokin,A (2524)-Chigaev,M (2606) Khanty-Mansiysk 2018}) 14. Bxb5 h3 15. O-O hxg2 16. Kxg2 Nh5 17. Nc4 Rb8 {aiming for ...Rxb5!} 18. Nxe5 Bxe5 19. a4 f5 20. f4 Bg7 ({Black should try} 20... Bxc3 $1 $17 21. bxc3 fxe4) 21. Qd2 Bd7 (21... fxe4 {is more complex.} 22. Nxe4 Bd7 23. Kh1 Bxb5 24. axb5 Qd7) 22. e5 dxe5 23. fxe5 Bxe5 24. Bxc5 Bxc3 25. bxc3 {c4 is the strong threat.} Bxb5 26. axb5 Rxb5 27. Qd4 Qc7 28. Bb4 Qb7 (28... e5 $5 {[%cal Re5d4]} 29. dxe6 Rd8 $15) 29. Ra7 Qxd5+ 30. Qxd5+ Rxd5 31. Rxe7 Rd2+ 32. Rf2 Nf4+ 33. Kf3 $132 {[%mdl 2048] The position is equal. White is not holding back} Rxf2+ 34. Kxf2 {[%mdl 4096] Endgame KRB-KRN} Nd3+ 35. Ke3 Nxb4 36. cxb4 {KR-KR} Rb8 37. Kf4 Rxb4+ 38. Kg5 Rg4+ (38... Kf8 {looks sharper.} 39. Rh7 Rg4+ 40. Kf6 Ke8 41. Re7+ Kd8) 39. Kf6 Rg2 40. h4 f4 41. Rg7+ {[%mdl 64] [#] Double Attack} Kh8 42. h5 $1 f3 {( -> ...f2)} 43. hxg6 {Threatening mate with Ra7.} f2 44. Rh7+ Kg8 45. Rg7+ Kh8 46. Rh7+ Kg8 47. Rg7+ Kh8 {Accuracy: White = 60%, Black = 60%.} (47... Kf8 $5 48. Rf7+ $8 Ke8 $11) 1/2-1/2

[Event "Teplice Open 2019"]
[Site "Teplice"]
[Date "2019.06.22"]
[Round "8.5"]
[White "Vorobiov, Evgeny E."]
[Black "Greenfeld, Alon"]
[Result "1-0"]
[WhiteElo "2556"]
[BlackElo "2513"]
[Annotator "ChessBase"]
[PlyCount "175"]
[EventDate "2019.06.15"]
[EventType "swiss"]
[EventCountry "CZE"]
[SourceTitle "playchess.com"]
[Source "ChessBase"]
[SourceQuality "1"]
[TimeControl "40/5400+30:1800+30"]

1. d4 {[%emt 0:00:00]} d5 {[%emt 0:02:39]} 2. c4 {[%emt 0:00:00]} dxc4 {[%emt 0:01:01]} 3. Nf3 {[%emt 0:00:34]} a6 {[%emt 0:00:27]} 4. e3 {[%emt 0:00:33]} Bg4 {[%emt 0:00:22]} 5. Nc3 {[%emt 0:03:49]} e6 {[%emt 0:28:07]} 6. h3 {[%emt 0:01:02]} Bh5 {[%emt 0:00:37]} 7. g4 {[%emt 0:00:41]} Bg6 {[%emt 0:00:05]} 8. Ne5 {[%emt 0:00:09]} Ne7 {[%emt 0:07:17]} 9. Bxc4 {[%emt 0:17:00]} Nd7 {[%emt 0:02:07]} 10. Nxg6 {[%emt 0:02:19]} Nxg6 {[%emt 0:00:07]} 11. Qf3 {[%emt 0:00:59]} b5 {[%emt 0:04:23]} 12. Bb3 {[%emt 0:03:09]} Be7 {[%emt 0:10:03]} 13. Qc6 {[%emt 0:15:24]} Rb8 {[%emt 0:06:15]} 14. Bd2 {[%emt 0:18:04]} Rb6 {[%emt 0:00:54]} 15. Qg2 {[%emt 0:00:17]} c5 {[%emt 0:01:50]} 16. Rd1 {[%emt 0:00:15]} cxd4 {[%emt 0:09:13]} 17. exd4 {[%emt 0:00:20]} Bg5 {[%emt 0:00:54]} 18. Be3 {[%emt 0:05:50]} h5 {[%emt 0:07:50]} 19. Ne4 {[%emt 0:03:35]} Bf4 {[%emt 0:04:51]} 20. Bxf4 {[%emt 0:09:48]} Nxf4 {[%emt 0:00:03]} 21. Qf3 {[%emt 0:00:06]} Qb8 {[%emt 0:01:46]} 22. Rg1 {[%emt 0:05:28]} hxg4 {[%emt 0:05:27]} 23. Rxg4 {[%emt 0:00:20]} Ng6 {[%emt 0:01:53]} 24. Rxg6 {[%emt 0:07:10]} fxg6 {[%emt 0:00:08]} 25. Qg4 {[%emt 0:02:29]} Nf8 {[%emt 0:01:35]} 26. d5 {[%emt 0:00:54]} Qe5 {[%emt 0:00:34]} 27. dxe6 {[%emt 0:00:30]} Nxe6 {[%emt 0:00:26]} 28. Kf1 {[%emt 0:02:28]} Ke7 {[%emt 0:00:40]} 29. Re1 {[%emt 0:00:24]} Qf5 {[%emt 0:00:19]} 30. Qxf5 {[%emt 0:00:42]} gxf5 {[%emt 0:00:02]} 31. Ng5 {[%emt 0:00:26]} Kf6 {[%emt 0:00:31]} 32. Nxe6 {[%emt 0:00:19]} Rxh3 {[%emt 0:00:05]} 33. Kg2 {[%emt 0:00:51]} Rxb3 {[%emt 0:01:46]} 34. Nc5 {[%emt 0:00:09]} Rxb2 {[%emt 0:00:18]} 35. Nd7+ {[%emt 0:00:01]} Kf7 {[%emt 0:01:42]} 36. Nxb6 {[%emt 0:00:03]} Rxa2 {[%emt 0:00:05]} 37. Nd5 {[%emt 0:00:16]} a5 {[%emt 0:00:58]} 38. Re7+ {[%emt 0:01:05]} Kg6 {[%emt 0:00:16]} 39. Re6+ {[%emt 0:00:19]} Kf7 {[%emt 0:00:29]} 40. Re7+ {[%emt 0:00:08]} Kg6 {[%emt 0:00:05]} 41. Ra7 {[%emt 0:10:06]} Ra3 {[%emt 0:00:46]} 42. Ra6+ {[%emt 0:03:49]} Kh5 {[%emt 0:10:18]} 43. Ne7 {[%emt 0:08:54]} f4 {[%emt 0:00:48]} 44. Rg6 {[%emt 0:04:16]} Rd3 {[%emt 0:09:55]} 45. Rxg7 {[%emt 0:00:11]} a4 {[%emt 0:01:42]} 46. Rf7 {[%emt 0:03:14]} Rd7 {[%emt 0:08:50]} 47. Kf3 {[%emt 0:00:26]} Kg5 {[%emt 0:01:17]} 48. Rf5+ {[%emt 0:02:26]} Kh6 {[%emt 0:00:01]} 49. Nc6 {[%emt 0:02:02]} Rc7 {[%emt 0:00:27]} 50. Nb4 {[%emt 0:00:39]} Rc3+ {[%emt 0:00:20]} 51. Kg4 {[%emt 0:00:07]} Rb3 {[%emt 0:00:23]} 52. Rxb5 {[%emt 0:01:09]} a3 {[%emt 0:00:10]} 53. f3 {[%emt 0:00:29]} a2 {[%emt 0:00:43]} 54. Rh5+ {[%emt 0:00:20]} Kg6 {[%emt 0:00:22]} 55. Rg5+ {[%emt 0:00:27]} Kf6 {[%emt 0:01:06]} 56. Nxa2 {[%emt 0:00:34]} Rxf3 {[%emt 0:00:11]} 57. Ra5 {[%emt 0:00:14]} Rb3 {[%emt 0:00:53]} 58. Nc1 {[%emt 0:00:24]} Rg3+ {[%emt 0:01:10]} 59. Kxf4 {[%emt 0:00:08]} Rc3 {[%emt 0:00:10]} 60. Ra6+ {[%emt 0:00:10]} Ke7 {[%emt 0:00:09]} 61. Ne2 {[%emt 0:00:15]} Rd3 {[%emt 0:00:32]} 62. Ng3 {[%emt 0:00:26]} Kd7 {[%emt 0:00:35]} 63. Ne4 {[%emt 0:00:10]} Kc7 {[%emt 0:00:11]} 64. Ke5 {[%emt 0:00:06]} Rh3 {[%emt 0:00:20]} 65. Nf6 {[%emt 0:00:17]} Rh1 {[%emt 0:00:31]} 66. Nd5+ {[%emt 0:00:08]} Kb7 {[%emt 0:00:45]} 67. Rb6+ {[%emt 0:00:09]} Ka7 {[%emt 0:01:09]} 68. Rb2 {[%emt 0:00:11]} Rh5+ {[%emt 0:01:02]} 69. Kd6 {[%emt 0:00:09]} Rh6+ {[%emt 0:00:16]} 70. Kc5 {[%emt 0:00:20]} Rh5 {[%emt 0:00:17]} 71. Rb1 {[%emt 0:00:18]} Ka6 {[%emt 0:00:36]} 72. Rg1 {[%emt 0:00:37]} Kb7 {[%emt 0:00:36]} 73. Rg6 {[%emt 0:00:21]} Rh7 {[%emt 0:00:49]} 74. Rf6 {[%emt 0:01:07]} Rg7 {[%emt 0:00:57]} 75. Ne3 {[%emt 0:01:18]} Rh7 {[%emt 0:00:13]} 76. Rb6+ {[%emt 0:01:09]} Ka7 {[%emt 0:00:12]} 77. Nd5 {[%emt 0:00:16]} Rc7+ {[%emt 0:00:38]} 78. Kd6 {[%emt 0:00:25]} Rb7 {[%emt 0:00:09]} 79. Rc6 {[%emt 0:00:10]} Rh7 {[%emt 0:00:02]} 80. Nf6 {[%emt 0:00:26]} Rb7 {[%emt 0:00:38]} 81. Nd7 {[%emt 0:00:31]} Rb1 {[%emt 0:00:19]} 82. Kc7 {[%emt 0:02:02]} Ra1 {[%emt 0:00:57]} 83. Nb8 {[%emt 0:01:25]} Ka8 {[%emt 0:00:42]} 84. Kc8 {[%emt 0:00:26]} Ka7 {[%emt 0:00:10]} 85. Kc7 {[%emt 0:00:37]} Ka8 {[%emt 0:00:58]} 86. Rc2 {[%emt 0:00:09]} Ra7+ {[%emt 0:00:25]} 87. Kc8 {[%emt 0:00:07]} Rh7 {[%emt 0:00:59]} 88. Nd7 {[%emt 0:00:18]} 1-0

[Event "Teplice Open 2019"]
[Site "Teplice"]
[Date "2019.06.22"]
[Round "8.6"]
[White "Salomon, Johan"]
[Black "Stocek, Jiri"]
[Result "1/2-1/2"]
[WhiteElo "2509"]
[BlackElo "2551"]
[Annotator "ChessBase"]
[PlyCount "93"]
[EventDate "2019.06.15"]
[EventType "swiss"]
[EventCountry "CZE"]
[SourceTitle "playchess.com"]
[Source "ChessBase"]
[SourceQuality "1"]
[TimeControl "40/5400+30:1800+30"]

1. Nf3 {[%emt 0:00:00]} Nf6 {[%emt 0:05:27]} 2. c4 {[%emt 0:00:05]} b6 {[%emt 0:02:14]} 3. g3 {[%emt 0:00:27]} Bb7 {[%emt 0:00:30]} 4. Bg2 {[%emt 0:00:13]} e6 {[%emt 0:01:07]} 5. O-O {[%emt 0:00:45]} Be7 {[%emt 0:01:39]} 6. d4 {[%emt 0:00:13]} O-O {[%emt 0:00:12]} 7. Nc3 {[%emt 0:04:14]} Na6 {[%emt 0:02:01]} 8. d5 {[%emt 0:01:48]} Bb4 {[%emt 0:02:10]} 9. Nd4 {[%emt 0:09:56]} Bxc3 {[%emt 0:03:26]} 10. bxc3 {[%emt 0:00:08]} Nc5 {[%emt 0:00:18]} 11. Nb3 {[%emt 0:05:43]} Rb8 {[%emt 0:07:03]} 12. Nxc5 {[%emt 0:05:22]} bxc5 {[%emt 0:00:40]} 13. e4 {[%emt 0:00:33]} d6 {[%emt 0:01:45]} 14. Bg5 {[%emt 0:23:15]} exd5 {[%emt 0:15:05]} 15. cxd5 {[%emt 0:01:17]} Ba6 {[%emt 0:01:38]} 16. Re1 {[%emt 0:01:54]} h6 {[%emt 0:00:12]} 17. Bf4 {[%emt 0:01:30]} Nd7 {[%emt 0:00:57]} 18. Qg4 {[%emt 0:09:44]} Ne5 {[%emt 0:01:43]} 19. Bxe5 {[%emt 0:00:47]} dxe5 {[%emt 0:00:06]} 20. Bf1 {[%emt 0:04:14]} Bc8 {[%emt 0:01:52]} 21. Qe2 {[%emt 0:02:00]} Qd6 {[%emt 0:03:04]} 22. Rab1 {[%emt 0:02:10]} Bd7 {[%emt 0:07:42]} 23. Rb3 {[%emt 0:02:41]} Rxb3 {[%emt 0:14:03]} 24. axb3 {[%emt 0:00:45]} Rb8 {[%emt 0:00:31]} 25. Qc2 {[%emt 0:03:29]} a5 {[%emt 0:01:09]} 26. Ra1 {[%emt 0:00:23]} Qb6 {[%emt 0:00:40]} 27. Bc4 {[%emt 0:02:26]} Ra8 {[%emt 0:03:31]} 28. Qd1 {[%emt 0:01:10]} g6 {[%emt 0:04:35]} 29. Ra2 {[%emt 0:03:19]} Bb5 {[%emt 0:01:02]} 30. Bxb5 {[%emt 0:00:48]} Qxb5 {[%emt 0:00:05]} 31. Ra4 {[%emt 0:01:34]} Ra6 {[%emt 0:02:34]} 32. c4 {[%emt 0:00:37]} Qd7 {[%emt 0:04:20]} 33. Kg2 {[%emt 0:01:05]} h5 {[%emt 0:03:47]} 34. h4 {[%emt 0:02:18]} f5 {[%emt 0:02:11]} 35. Qa1 {[%emt 0:03:15]} fxe4 {[%emt 0:01:46]} 36. Qxe5 {[%emt 0:00:49]} Qf5 {[%emt 0:01:45]} 37. Qe8+ {[%emt 0:00:22]} Kg7 {[%emt 0:00:37]} 38. Qe7+ {[%emt 0:00:07]} Kg8 {[%emt 0:00:55]} 39. Qe8+ {[%emt 0:02:00]} Kg7 {[%emt 0:00:06]} 40. Qe7+ {[%emt 0:00:08]} Kg8 {[%emt 0:00:24]} 41. Qxc5 {[%emt 0:32:12]} Qf3+ {[%emt 0:05:14]} 42. Kh2 {[%emt 0:00:00]} Qxb3 {[%emt 0:01:21]} 43. Qxc7 {[%emt 0:00:00]} Qc2 {[%emt 0:01:52]} 44. Qd8+ {[%emt 0:00:00]} Kf7 {[%emt 0:08:51]} 45. Qd7+ {[%emt 0:00:00]} Kf8 {[%emt 0:01:33]} 46. Qd8+ {[%emt 0:00:00]} Kf7 {[%emt 0:00:06]} 47. Qd7+ {[%emt 0:00:00]} 1/2-1/2